000 00618nam a2200205 4500
001 VA56341
003 ES-SlBCS
005 20210601160849.0
008 140520s1973 xxu||||| |||| 00| 0 spa d
041 _aspa
100 1 _aChilde, V. Gordon
_987065
245 1 0 _aQue sucedió en la historia
_cV. Gordon Childe; Elena Dukelsky Yoffe, Gregorio Weinberg
260 _aBuenos Aires :
_bLa Pléyade
_c, 1973
300 _a310 p.;
_c20 cm
500 _aTít orig.: What Happened in History
650 0 4 _aHistoria
_92130
700 1 _aWeinberg, Gregorio
_992310
700 1 _aDukelsky Yoffe, Elena
_9369045
942 _cBK
999 _c834849
_d834849